| 000 | 00834nam a2200289 a 4500 | ||
|---|---|---|---|
| 001 | 000023269 | ||
| 003 | DO-SdBNP | ||
| 005 | 20250605111219.0 | ||
| 007 | 000023269 | ||
| 008 | 150918b2011 xxu|||| 00| 0 spa d | ||
| 020 | _a9786124063954 | ||
| 040 |
_aBPMSU _bspa _cBPMSU |
||
| 082 | 4 |
_a891.73 _bD724c, 2011 |
|
| 100 | 1 |
_aDostoyevski, Fiodor, _d1821-1881 |
|
| 245 | 1 | 0 |
_aCrimen y castigo / _cFiodor Dostoievski |
| 260 |
_aLima, PerĂº : _bEditorial Educativa _c2012. |
||
| 300 |
_a90 p. ; _bil. : _c20 cm. |
||
| 490 | 1 | _aPlan lector | |
| 650 | 4 | _aNOVELA RUSA | |
| 650 | 4 | _aLITERATURA RUSA | |
| 830 | 0 | _aPlan lector | |
| 910 | _aValidado. Control de calidad BNPHU | ||
| 930 | 1 |
_lBND01 _mLF1 _h891.73 _820101201 _f04 _pHD |
|
| 942 |
_2ddc _cBK |
||
| 945 | _aInventariado, 2018/MFf | ||
| 956 |
_aVMATEO _b10 _c20150918 _lBPMSU _h00151 |
||
| 999 |
_c8270 _d8270 |
||